Tottenham fifa 23 ratings - Statistics

General Stats
  • This quiz has been taken 87 times
    72 since last reset
  • The average score is 12 of 21
Answer Stats
Rating Nationality Answer % Correct
89 England Harry Kane
100%
88 South Korea Heung-min Son
100%
85 France Hugo Lloris
98%
83 Argentina Cristian Romero
92%
83 Croatia Ivan Perišić
90%
84 Denmark Pierre-Emile Højbjerg
87%
82 Uruguay Rodrigo Bentancur
76%
81 Sweden Dejan Kulusevski
75%
81 Brazil Richarlison
63%
79 Colombia Davinson Sánchez
60%
78 Wales Ben Davies
59%
79 Mali Yves Bissouma
59%
80 England Eric Dier
49%
71 Senegal Pape Matar Sarr
43%
78 Brazil Lucas Moura
40%
82 Netherlands Arnaut Danjuma
30%
78 France Clément Lenglet
29%
76 England Fraser Forster
17%
74 England Japhet Tanganga
13%
76 England Ryan Sessegnon
11%
82 Spain Pedro Perro
2%
No matching quizzes found
Score Distribution
Percent of People with Each Score
Percentile by Number Answered
Your Score History
You have not taken this quiz since the last reset